Państwa, które używają euro - Statystyki

Ogólne statystyki
  • Ten quiz został rozwiązany 406 razy
  • Średni wynik to 17 z 20
Statystyki odpowiedzi
Rok wprowadzenia Państwo % Poprawnych
1999 Niemcy
98%
1999 Hiszpania
97%
1999 Francja
96%
1999 Portugalia
93%
1999 Włochy
93%
1999 Belgia
90%
2009 Słowacja
90%
2023 Chorwacja
89%
1999 Holandia
89%
1999 Austria
87%
2015 Litwa
87%
2011 Estonia
86%
2014 Łotwa
86%
2001 Grecja
85%
1999 Luksemburg
84%
2007 Słowenia
81%
1999 Irlandia
79%
1999 Finlandia
74%
2008 Malta
60%
2008 Cypr
47%
Nie znaleziono quizów pasujących do podanych kryteriów
Rozkład punktacji
Procent ludzi z każdym wynikiem
Percentyl według liczby udzielonych odpowiedzi
Twoja historia wyników
Nie rozwiązałeś tego quizu